[Event "Lvov Vasylyshyn Memorial 19th"]
[Site "Lvov"]
[Date "2022.12.13"]
[Round "3"]
[White "Polulikh, Bogdan"]
[Black "Vovk, Yuri"]
[Result "0-1"]
[WhiteElo "2322"]
[BlackElo "2553"]
[PlyCount "80"]
[EventDate "2022.12.12"]
[EventType "tourn"]
[EventRounds "9"]
[EventCountry "UKR"]
[EventCategory "4"]
[SourceTitle "CBM 211 Extra"]
[Source "ChessBase"]
[SourceDate "2023.01.31"]
[SourceVersion "1"]
[SourceVersionDate "2023.01.31"]
[SourceQuality "1"]

1. e4 c5 2. Nf3 d6 3. Bb5+ Nd7 4. a4 Ngf6 5. d3 g6 6. 0-0 Bg7 7. Re1 0-0 8. c3 Ne5 9. Nxe5 dxe5 10. Be3 b6 11. d4 exd4 12. cxd4 Ng4 13. dxc5 Qc7 14. g3 Nxe3 15. Rxe3 Qxc5 16. Qd2 Bh6 17. f4 e5 18. b4 Qe7 19. Nc3 Qxb4 20. Bc6 exf4 21. gxf4 Rb8 22. Qf2 Be6 23. Nd5 Bxd5 24. Bxd5 Rbc8 25. Rb3 Qd6 26. Rf1 Kh8 27. Rh3 Bg7 28. f5 Bf6 29. Kh1 Rc7 30. Qd2 g5 31. Qe2 Rg8 32. Qg4 Rg7 33. Rh6 Qe5 34. Rg1 Qb2 35. Rf1 Rc2 36. Qh5 Rc1 37. Rxc1 Qxc1+ 38. Kg2 g4 39. e5 Qd2+ 40. Kf1 Qf4+ 0-1

[Event "HUN-chT 2122"]
[Site "Hungary"]
[Date "2021.12.19"]
[Round "4.2"]
[White "Nestorovic, Dejan"]
[Black "Vovk, Yuri"]
[Result "0-1"]
[WhiteElo "2323"]
[BlackElo "2555"]
[PlyCount "52"]
[EventDate "2021.10.10"]
[EventType "team-tourn"]
[EventRounds "9"]
[EventCountry "HUN"]
[SourceTitle "EXT 2023"]
[Source "ChessBase"]
[SourceDate "2022.10.05"]
[SourceVersion "1"]
[SourceVersionDate "2022.10.05"]
[SourceQuality "1"]
[WhiteTeam "Maroczy"]
[BlackTeam "Kobanya Aquarena"]
[WhiteTeamCountry "HUN"]
[BlackTeamCountry "HUN"]

1. d4 f5 2. g3 Nf6 3. Bg2 g6 4. Nh3 d6 5. d5 Bg7 6. Nf4 0-0 7. h4 Na6 8. h5 Qe8 9. hxg6 hxg6 10. Nc3 Nc5 11. Be3 Nce4 12. Nxe4 fxe4 13. Bh3 Bxh3 14. Rxh3 c6 15. Qd2 cxd5 16. Nxd5 Qf7 17. Nc3 Ng4 18. 0-0-0 Rac8 19. Bd4 e3 20. fxe3 Nf2 21. Bxg7 Kxg7 22. Qd4+ e5 23. Qxd6 Nxh3 24. Qxe5+ Kg8 25. Rh1 Rce8 26. Qd4 Rd8 0-1

[Event "Kiev-Lvov Region Blitz"]
[Site "Kiev"]
[Date "2021.09.15"]
[Round "2"]
[White "Vovk, Yuri"]
[Black "Vysochin, Spartak"]
[Result "1-0"]
[WhiteElo "2555"]
[BlackElo "2494"]
[PlyCount "49"]
[EventDate "2021.09.15"]
[EventType "team-match (blitz)"]
[EventRounds "8"]
[EventCountry "UKR"]
[SourceTitle "CBM 204 Extra"]
[Source "ChessBase"]
[SourceDate "2021.11.30"]
[SourceVersion "1"]
[SourceVersionDate "2021.11.30"]
[SourceQuality "1"]
[WhiteTeam "Lvov Region"]
[BlackTeam "Kiev Region"]
[WhiteTeamCountry "UKR"]
[BlackTeamCountry "UKR"]

1. e4 e6 2. d4 d5 3. Nc3 Bb4 4. e5 Ne7 5. a3 Bxc3+ 6. bxc3 c5 7. h4 b6 8. h5 Qc7 9. h6 gxh6 10. Nf3 Ba6 11. Bxh6 cxd4 12. cxd4 Bxf1 13. Kxf1 Qc4+ 14. Kg1 Nbc6 15. Bg5 0-0-0 16. Bf6 Rhg8 17. Rxh7 Rg4 18. Ng5 Rxd4 19. Qh5 Ng6 20. Nxf7 Nf4 21. Nd6+ Rxd6 22. Qe8+ Rd8 23. Bxd8 Nxd8 24. Qd7+ Kb8 25. Qxa7+ 1-0

[Event "Kiev-Lvov Region Rapid"]
[Site "Kiev"]
[Date "2021.09.14"]
[Round "2"]
[White "Vysochin, Spartak"]
[Black "Vovk, Yuri"]
[Result "0-1"]
[WhiteElo "2494"]
[BlackElo "2555"]
[PlyCount "69"]
[EventDate "2021.09.14"]
[EventType "team-match (rapid)"]
[EventRounds "4"]
[EventCountry "UKR"]
[SourceTitle "CBM 204 Extra"]
[Source "ChessBase"]
[SourceDate "2021.11.30"]
[SourceVersion "1"]
[SourceVersionDate "2021.11.30"]
[SourceQuality "1"]
[WhiteTeam "Kiev Region"]
[BlackTeam "Lvov Region"]
[WhiteTeamCountry "UKR"]
[BlackTeamCountry "UKR"]

1. e4 e5 2. Bc4 Nf6 3. Nc3 Nxe4 4. Qh5 Nd6 5. Qxe5+ Qe7 6. Qxe7+ Bxe7 7. Bb3 c6 8. d4 Nf5 9. d5 Na6 10. Nf3 Nc5 11. g4 Nh4 12. Nxh4 Bxh4 13. d6 0-0 14. Be3 b6 15. 0-0-0 Nxb3+ 16. axb3 Bb7 17. Rhg1 f5 18. Rd4 f4 19. Rxf4 Rxf4 20. Bxf4 Bxf2 21. Rg2 Bh4 22. Re2 Rf8 23. Bd2 Rf1+ 24. Nd1 c5 25. Be3 Bf3 26. Rd2 Bxg4 27. c4 Re1 28. Bf4 g5 29. Bg3 Bxg3 30. hxg3 Kf7 31. Kc2 Rxd1 32. Rxd1 Bxd1+ 33. Kxd1 Ke6 34. Ke2 h5 35. Kf3 0-1

[Event "Titled Tuesday intern op 14th April"]
[Site "Chess.com INT"]
[Date "2020.04.14"]
[Round "8"]
[White "Arencibia Monduy, Antonio"]
[Black "Vovk, Yuri"]
[Result "1-0"]
[WhiteElo "2148"]
[BlackElo "2571"]
[PlyCount "107"]
[EventDate "2020.04.14"]
[EventType "swiss (blitz)"]
[EventRounds "10"]
[EventCountry "USA"]
[SourceTitle "EXT 2021"]
[Source "ChessBase"]
[SourceDate "2020.10.23"]
[SourceVersion "1"]
[SourceVersionDate "2020.10.23"]
[SourceQuality "1"]

1. e4 c5 2. Nf3 d6 3. c3 Nf6 4. Bd3 Nbd7 5. Bc2 b6 6. 0-0 Bb7 7. Re1 e5 8. d4 Be7 9. dxe5 dxe5 10. c4 0-0 11. Nc3 Re8 12. Nd5 Bxd5 13. exd5 Bd6 14. Ng5 h6 15. Ne4 Nxe4 16. Bxe4 Nf6 17. Bf5 e4 18. g3 g6 19. Bh3 Be5 20. Qc2 b5 21. cxb5 Qxd5 22. Bxh6 c4 23. a4 Qd3 24. Rac1 a6 25. b6 Rab8 26. a5 Qd5 27. Qxc4 Qxa5 28. Be3 Nd5 29. b4 Qb5 30. Qxb5 axb5 31. Bc5 Bb2 32. Rc2 Bg7 33. Bd7 Red8 34. Bxb5 e3 35. fxe3 Nxb6 36. Bf1 Nd5 37. Rd1 Bf6 38. Rcd2 Nc3 39. Rxd8+ Bxd8 40. Rd7 Ne4 41. Bc4 Nxc5 42. Bxf7+ Kf8 43. bxc5 Bg5 44. c6 Rb2 45. c7 Bxe3+ 46. Kh1 Rc2 47. Rd8+ Kxf7 48. c8Q Rxc8 49. Rxc8 g5 50. Kg2 Kg6 51. Kf3 Bd4 52. Kg4 Bf6 53. Rc6 Kg7 54. Kf5 1-0

[Event "Titled Tuesday intern op 14th April"]
[Site "Chess.com INT"]
[Date "2020.04.14"]
[Round "6"]
[White "Paehtz, Elisabeth"]
[Black "Vovk, Yuri"]
[Result "1/2-1/2"]
[WhiteElo "2473"]
[BlackElo "2571"]
[PlyCount "133"]
[EventDate "2020.04.14"]
[EventType "swiss (blitz)"]
[EventRounds "10"]
[EventCountry "USA"]
[SourceTitle "EXT 2021"]
[Source "ChessBase"]
[SourceDate "2020.10.23"]
[SourceVersion "1"]
[SourceVersionDate "2020.10.23"]
[SourceQuality "1"]

1. d4 Nf6 2. Nf3 g6 3. Bg5 Bg7 4. Nbd2 0-0 5. c3 d6 6. e3 c5 7. Bd3 cxd4 8. exd4 b6 9. 0-0 Bb7 10. Qe2 a6 11. Rfe1 Re8 12. Ne4 Nbd7 13. Qd2 Qc7 14. Bh6 Bh8 15. h3 Nxe4 16. Bxe4 Nf6 17. Bxb7 Qxb7 18. Re2 b5 19. a3 a5 20. Rae1 Rac8 21. Ng5 Bg7 22. Ne4 Qd7 23. Qg5 Qf5 24. Qh4 Nxe4 25. Rxe4 Bf6 26. Qg3 Qd7 27. Bg5 Bxg5 28. Qxg5 Rc7 29. Qh6 e6 30. h4 f5 31. R4e3 b4 32. axb4 axb4 33. h5 Qg7 34. Qxg7+ Kxg7 35. Rxe6 Rxe6 36. Rxe6 bxc3 37. bxc3 gxh5 38. Rxd6 Rxc3 39. g3 Rd3 40. Kg2 Kf7 41. f4 Kg7 42. Kh3 Kf7 43. Kh4 Kg7 44. Rd7+ Kg6 45. d5 h6 46. d6 Rd1 47. Kh3 Rd2 48. Rd8 Kg7 49. d7 Rd1 50. Kg2 Kh7 51. Kf2 Kg7 52. Ke2 Rd6 53. Ke3 Kh7 54. Rf8 Rxd7 55. Rxf5 Kg6 56. Re5 Rd1 57. Kf3 Rd3+ 58. Kg2 Rd2+ 59. Kh3 Rd1 60. Re6+ Kg7 61. Rb6 Rd2 62. f5 Rf2 63. Rg6+ Kh7 64. Rf6 Kg7 65. Rg6+ Kh7 66. Rf6 Kg7 67. Rg6+ 1/2-1/2

[Event "Titled Tuesday intern op 14th April"]
[Site "Chess.com INT"]
[Date "2020.04.14"]
[Round "1"]
[White "Vovk, Yuri"]
[Black "Jenni, Florian"]
[Result "1-0"]
[WhiteElo "2571"]
[BlackElo "2456"]
[PlyCount "71"]
[EventDate "2020.04.14"]
[EventType "swiss (blitz)"]
[EventRounds "10"]
[EventCountry "USA"]
[SourceTitle "EXT 2021"]
[Source "ChessBase"]
[SourceDate "2020.10.23"]
[SourceVersion "1"]
[SourceVersionDate "2020.10.23"]
[SourceQuality "1"]

1. e4 e5 2. Nf3 Nc6 3. Bb5 a6 4. Ba4 Nf6 5. d3 d6 6. c4 g6 7. Nc3 Bg7 8. h3 0-0 9. 0-0 Nd4 10. Nxd4 exd4 11. Ne2 c5 12. Bg5 h6 13. Bh4 Rb8 14. b4 g5 15. Bg3 Nh5 16. Bh2 Be5 17. Nxd4 Nf4 18. Nf3 Bxa1 19. Qxa1 b5 20. cxb5 axb5 21. Bb3 Nxd3 22. bxc5 Nxc5 23. e5 Bb7 24. Nd4 Nxb3 25. axb3 dxe5 26. Nf5 Kh7 27. Qxe5 f6 28. Qxb5 Qd5 29. Qxd5 Bxd5 30. Bxb8 Rxb8 31. Rd1 Bxb3 32. Rd7+ Kg6 33. g4 Bf7 34. Ne7+ Kg7 35. Nc6 Kg8 36. Nxb8 1-0

[Event "PNWCC Online blitz JP 2nd"]
[Site "Chess.com INT"]
[Date "2020.03.21"]
[Round "10"]
[White "Hakobyan, Aram"]
[Black "Vovk, Yuri"]
[Result "1-0"]
[WhiteElo "2588"]
[BlackElo "2566"]
[PlyCount "109"]
[EventDate "2020.03.21"]
[EventType "swiss (blitz)"]
[EventRounds "11"]
[EventCountry "USA"]
[SourceTitle "CBM 195 Extra"]
[Source "ChessBase"]
[SourceDate "2020.05.31"]
[SourceVersion "1"]
[SourceVersionDate "2020.05.31"]
[SourceQuality "1"]

1. Nf3 Nf6 2. c4 e6 3. d4 d5 4. Nc3 c6 5. Bg5 Nbd7 6. cxd5 exd5 7. e3 h6 8. Bh4 g5 9. Bg3 Nh5 10. Bd3 Nxg3 11. hxg3 Bg7 12. Qc2 Nb6 13. 0-0-0 Be6 14. Kb1 Qe7 15. Nd2 0-0-0 16. Nb3 Kb8 17. Nc5 Bc8 18. Rc1 Rhf8 19. Qb3 f5 20. Rhe1 Qd6 21. a4 Nd7 22. Ne2 Nxc5 23. Rxc5 f4 24. gxf4 gxf4 25. Rec1 Ka8 26. exf4 h5 27. a5 Bd7 28. a6 b6 29. R5c2 h4 30. f5 Bh6 31. Rh1 Rxf5 32. Bxf5 Bxf5 33. Ka2 Bxc2 34. Qxc2 Bg5 35. f4 Bf6 36. Rc1 Rc8 37. Qf5 Kb8 38. Rc3 Re8 39. Qc2 Kc7 40. g4 c5 41. g5 Bg7 42. f5 c4 43. f6 Bf8 44. Qh7+ Qd7 45. Qxd7+ Kxd7 46. Nf4 Re4 47. Nxd5 Kc6 48. Ne3 b5 49. g6 h3 50. g7 Bxg7 51. fxg7 Re8 52. Nf5 Kd5 53. g8Q+ Rxg8 54. Ne7+ Ke4 55. Nxg8 1-0

[Event "PNWCC Online blitz JP 2nd"]
[Site "Chess.com INT"]
[Date "2020.03.21"]
[Round "1"]
[White "Tu, Robin"]
[Black "Vovk, Yuri"]
[Result "0-1"]
[WhiteElo "1618"]
[BlackElo "2566"]
[PlyCount "44"]
[EventDate "2020.03.21"]
[EventType "swiss (blitz)"]
[EventRounds "11"]
[EventCountry "USA"]
[SourceTitle "CBM 195 Extra"]
[Source "ChessBase"]
[SourceDate "2020.05.31"]
[SourceVersion "1"]
[SourceVersionDate "2020.05.31"]
[SourceQuality "1"]

1. e4 c5 2. Nc3 Nc6 3. f4 g6 4. Nf3 Bg7 5. Bc4 d6 6. d3 e6 7. 0-0 Nge7 8. Qe2 0-0 9. a3 d5 10. Bb3 a6 11. Bd2 b5 12. Rae1 c4 13. Ba2 b4 14. axb4 Nxb4 15. dxc4 Nxc2 16. Rc1 d4 17. Nd1 d3 18. Qf2 Bb7 19. e5 Nf5 20. g4 Nfd4 21. Nxd4 Nxd4 22. Bc3 Ne2+ 0-1

[Event "PNWCC Online blitz JP 2nd"]
[Site "Chess.com INT"]
[Date "2020.03.21"]
[Round "8"]
[White "Vovk, Yuri"]
[Black "Daggupati, Balaji"]
[Result "1-0"]
[WhiteElo "2566"]
[BlackElo "2331"]
[PlyCount "77"]
[EventDate "2020.03.21"]
[EventType "swiss (blitz)"]
[EventRounds "11"]
[EventCountry "USA"]
[SourceTitle "CBM 195 Extra"]
[Source "ChessBase"]
[SourceDate "2020.05.31"]
[SourceVersion "1"]
[SourceVersionDate "2020.05.31"]
[SourceQuality "1"]

1. d4 d5 2. c4 c6 3. Nf3 Nf6 4. Nc3 e6 5. Bg5 dxc4 6. a4 b5 7. axb5 cxb5 8. Nxb5 Qb6 9. Na3 Bxa3 10. bxa3 Ne4 11. Qa4+ Bd7 12. Qb4 Qxb4+ 13. axb4 Nc6 14. Rc1 c3 15. b5 Nb4 16. e3 0-0 17. Be7 Na2 18. Ra1 Rfe8 19. Ba3 a6 20. bxa6 Reb8 21. Bd3 Bb5 22. Bxe4 Rxa6 23. Rxa2 Bc4 24. Ra1 Rb3 25. Ne5 Rbxa3 26. Rc1 Ra1 27. Bb1 c2 28. Rxc2 Rxb1+ 29. Kd2 Rxh1 30. Rxc4 Ra2+ 31. Kd3 g6 32. f4 Ra7 33. Nf3 Rd1+ 34. Ke4 Ra5 35. Ne5 Ra7 36. g4 Rh1 37. g5 Rxh2 38. Ng4 Ra8 39. Nxh2 1-0

[Event "PNWCC Online blitz JP 2nd"]
[Site "Chess.com INT"]
[Date "2020.03.21"]
[Round "5"]
[White "Vovk, Yuri"]
[Black "Khachiyan, Melikset"]
[Result "1-0"]
[WhiteElo "2566"]
[BlackElo "2481"]
[PlyCount "107"]
[EventDate "2020.03.21"]
[EventType "swiss (blitz)"]
[EventRounds "11"]
[EventCountry "USA"]
[SourceTitle "CBM 195 Extra"]
[Source "ChessBase"]
[SourceDate "2020.05.31"]
[SourceVersion "1"]
[SourceVersionDate "2020.05.31"]
[SourceQuality "1"]

1. e4 e5 2. Nf3 Nc6 3. Bb5 f5 4. d3 fxe4 5. dxe4 Nf6 6. Qd3 Bc5 7. Nc3 Nd4 8. Nxd4 Bxd4 9. Bc4 d6 10. f3 Qe7 11. Ne2 Bb6 12. Bg5 Be6 13. 0-0-0 0-0 14. Nc3 Bxc4 15. Qxc4+ Qf7 16. Qxf7+ Rxf7 17. Bxf6 Rxf6 18. Nd5 Rg6 19. Ne7+ Kf7 20. Nxg6 Kxg6 21. Rd3 Rf8 22. Rf1 h5 23. g3 Kg5 24. Kd1 h4 25. Ke2 hxg3 26. hxg3 Rh8 27. f4+ Kg4 28. fxe5 Rh2+ 29. Kd1 dxe5 30. Rf5 Bd4 31. c3 Bb6 32. Kc1 Bf2 33. Rxe5 Bxg3 34. Rxg3+ Kxg3 35. Rg5+ Kf4 36. Rxg7 Kxe4 37. Rxc7 b5 38. Rxa7 Kd5 39. Rd7+ Kc5 40. Rd4 Rg2 41. Kb1 Rh2 42. a4 Rg2 43. axb5 Kxb5 44. Ka2 Rh2 45. Kb3 Rg2 46. Rd5+ Kc6 47. Rh5 Rf2 48. Ka3 Re2 49. b4 Re1 50. Kb3 Re4 51. c4 Re1 52. Rh6+ Kb7 53. Ka4 Re5 54. c5 1-0

[Event "SVK-chT 1920"]
[Site "Slovakia"]
[Date "2020.03.01"]
[Round "8.6"]
[White "Vovk, Yuri"]
[Black "Stohl, Igor"]
[Result "1-0"]
[WhiteElo "2577"]
[BlackElo "2490"]
[PlyCount "73"]
[EventDate "2019.10.19"]
[EventType "team-tourn"]
[EventRounds "11"]
[EventCountry "SVK"]
[SourceTitle "CBM 195 Extra"]
[Source "ChessBase"]
[SourceDate "2020.05.31"]
[SourceVersion "1"]
[SourceVersionDate "2020.05.31"]
[SourceQuality "1"]
[WhiteTeam "Kosice Slavia UPJS"]
[BlackTeam "Modra"]
[WhiteTeamCountry "SVK"]
[BlackTeamCountry "SVK"]

1. d4 Nf6 2. c4 e6 3. Nc3 Bb4 4. Qc2 0-0 5. a3 Bxc3+ 6. Qxc3 d5 7. Nf3 dxc4 8. Qxc4 b6 9. Bg5 Ba6 10. Qa4 c5 11. dxc5 bxc5 12. Rc1 Qb6 13. Bxf6 gxf6 14. Rc2 Nc6 15. e3 Bxf1 16. Kxf1 Ne5 17. Ke2 Rab8 18. Nxe5 fxe5 19. Rhc1 Qb5+ 20. Qxb5 Rxb5 21. Kf3 f5 22. Rxc5 e4+ 23. Kf4 Rxb2 24. R1c2 Rb3 25. Ra5 Rf7 26. Ke5 Rb6 27. g3 Rd7 28. g4 fxg4 29. Kxe4 h6 30. Kf4 Rg7 31. Kg3 Kh7 32. Rc4 Rb1 33. Kg2 Rb2 34. Rf4 Ra2 35. Rf6 e5 36. Rxe5 Rxa3 37. Ree6 1-0

[Event "SVK-chT 1920"]
[Site "Slovakia"]
[Date "2019.10.19"]
[Round "1.3"]
[White "Balog, Imre1111"]
[Black "Vovk, Yuri"]
[Result "0-1"]
[WhiteElo "2566"]
[BlackElo "2572"]
[PlyCount "94"]
[EventDate "2019.10.19"]
[EventType "team-tourn"]
[EventRounds "11"]
[EventCountry "SVK"]
[SourceTitle "CBM 192 Extra"]
[Source "Chessbase"]
[SourceDate "2019.11.06"]
[SourceVersion "1"]
[SourceVersionDate "2019.11.06"]
[SourceQuality "1"]
[WhiteTeam "Podhajska Aquamarin"]
[BlackTeam "Kosice Slavia UPJS"]
[WhiteTeamCountry "SVK"]
[BlackTeamCountry "SVK"]

1. d4 Nf6 2. Bg5 e6 3. e4 h6 4. Bxf6 Qxf6 5. Nc3 Bb4 6. Nge2 d6 7. Qd3 c6 8. Ng3 e5 9. Nh5 Qg6 10. Be2 0-0 11. 0-0 Nd7 12. a3 Ba5 13. b4 Bb6 14. d5 Bd4 15. Ng3 Nf6 16. dxc6 bxc6 17. Rad1 d5 18. Bf3 Rd8 19. b5 cxb5 20. Nxd5 Nxd5 21. exd5 Qxd3 22. Rxd3 Rb8 23. Re1 Kf8 24. Rb3 a5 25. Reb1 Bd7 26. Ne4 f5 27. Nc3 Rdc8 28. Nxb5 a4 29. Rb4 Rxb5 30. Rxb5 Bxb5 31. Rxb5 Rxc2 32. Kf1 Ke7 33. Rb7+ Kd6 34. Rxg7 Rc1+ 35. Ke2 e4 36. Rg6+ Kxd5 37. Bh5 Rc2+ 38. Kd1 Ra2 39. Ra6 Rxf2 40. Bf7+ Ke5 41. g3 Bc3 42. Rxh6 e3 43. Re6+ Kd4 44. Bh5 Rd2+ 45. Kc1 Rxh2 46. Bd1 Kd3 47. Bxa4 Rh1+ 0-1

[Event "Cattolica op 6th"]
[Site "Cattolica"]
[Date "2019.06.10"]
[Round "3"]
[White "Arjun, Kalyan"]
[Black "Vovk, Yuri"]
[Result "1-0"]
[WhiteElo "2484"]
[BlackElo "2586"]
[PlyCount "83"]
[EventDate "2019.06.08"]
[EventType "swiss"]
[EventRounds "9"]
[EventCountry "ITA"]
[SourceTitle "CBM 190 Extra"]
[Source "ChessBase"]
[SourceDate "2019.07.15"]
[SourceVersion "1"]
[SourceVersionDate "2019.07.15"]
[SourceQuality "1"]

1. e4 c5 2. Nf3 e6 3. d4 cxd4 4. Nxd4 a6 5. Bd3 Bc5 6. Nb3 Be7 7. Qg4 g6 8. Qe2 d6 9. 0-0 Nd7 10. Nc3 Qc7 11. Bd2 Ngf6 12. Bh6 Bf8 13. Bxf8 Kxf8 14. f4 Kg7 15. Rae1 Rd8 16. e5 Ne8 17. Qf3 Nc5 18. Nxc5 dxc5 19. Be4 Rb8 20. Rd1 Bd7 21. Qe3 b6 22. Rd2 Bc6 23. Rfd1 Rxd2 24. Qxd2 b5 25. Bxc6 Qxc6 26. Qd7 Rc8 27. Qxc6 Rxc6 28. Ne4 Kf8 29. Rd7 h6 30. Kf2 c4 31. Ke3 Rc7 32. Rxc7 Nxc7 33. Nf6 b4 34. Kd4 c3 35. b3 Nb5+ 36. Kc4 Na3+ 37. Kxb4 Nxc2+ 38. Kxc3 Ne3 39. g3 Nf1 40. Kb4 Nxh2 41. Ka5 Nf1 42. Ne4 1-0

[Event "Cattolica op 6th"]
[Site "Cattolica"]
[Date "2019.06.10"]
[Round "4"]
[White "Vovk, Yuri"]
[Black "Guerrero Sierra, Juan Carlos"]
[Result "1-0"]
[WhiteElo "2586"]
[BlackElo "2290"]
[PlyCount "43"]
[EventDate "2019.06.08"]
[EventType "swiss"]
[EventRounds "9"]
[EventCountry "ITA"]
[SourceTitle "CBM 190 Extra"]
[Source "ChessBase"]
[SourceDate "2019.07.15"]
[SourceVersion "1"]
[SourceVersionDate "2019.07.15"]
[SourceQuality "1"]

1. e4 c5 2. Nf3 d6 3. d4 cxd4 4. Nxd4 Nf6 5. Nc3 g6 6. Be3 Bg7 7. f3 0-0 8. Qd2 Nc6 9. g4 Nxd4 10. Bxd4 Be6 11. Nd5 Bxd5 12. exd5 Nd7 13. Bxg7 Kxg7 14. 0-0-0 Qc7 15. h4 f6 16. f4 Rac8 17. Rh3 Nb6 18. h5 Qd7 19. Re1 Rf7 20. hxg6 hxg6 21. Bd3 Qxg4 22. Qh2 1-0

[Event "Katowice POL-HUN 7th"]
[Site "Katowice"]
[Date "2019.04.14"]
[Round "9"]
[White "Vovk, Yuri"]
[Black "Shkuran, Danylo"]
[Result "1-0"]
[WhiteElo "2579"]
[BlackElo "2340"]
[PlyCount "93"]
[EventDate "2019.04.13"]
[EventType "swiss (rapid)"]
[EventRounds "9"]
[EventCountry "POL"]
[SourceTitle "CBM 189 Extra"]
[Source "ChessBase"]
[SourceDate "2019.06.03"]
[SourceVersion "1"]
[SourceVersionDate "2019.06.03"]
[SourceQuality "1"]

1. e4 c5 2. Nf3 e6 3. d4 cxd4 4. Nxd4 a6 5. Nc3 Qc7 6. Bd3 Nc6 7. Nxc6 dxc6 8. 0-0 Nf6 9. f4 e5 10. Kh1 Bd6 11. f5 b5 12. Qf3 Bb7 13. Qg3 Kf8 14. Bg5 h6 15. Bxf6 gxf6 16. Qh4 Ke7 17. Ne2 Rag8 18. a4 Qb6 19. Rf3 Rg5 20. Qe1 h5 21. Rh3 Bc5 22. b4 Bf2 23. Qf1 Rhg8 24. g3 Bd4 25. Rd1 Be3 26. Qf3 Rd8 27. a5 Qa7 28. g4 Bf2 29. gxh5 Bd4 30. h6 c5 31. c3 c4 32. Bc2 Rh8 33. cxd4 exd4 34. Rxd4 Qb8 35. Qf4 Qe5 36. Rg3 Rxh6 37. Qxe5+ fxe5 38. Rxg5 exd4 39. Nxd4 Rd6 40. Nf3 c3 41. Kg1 Rc6 42. e5 Rc4 43. f6+ Kd8 44. Ne1 Rxb4 45. e6 Rf4 46. Rg8+ Kc7 47. exf7 1-0

[Event "Katowice POL-HUN 7th"]
[Site "Katowice"]
[Date "2019.04.13"]
[Round "4"]
[White "Lewicki, Miroslaw"]
[Black "Vovk, Yuri"]
[Result "0-1"]
[WhiteElo "2348"]
[BlackElo "2579"]
[PlyCount "98"]
[EventDate "2019.04.13"]
[EventType "swiss (rapid)"]
[EventRounds "9"]
[EventCountry "POL"]
[SourceTitle "CBM 189 Extra"]
[Source "ChessBase"]
[SourceDate "2019.06.03"]
[SourceVersion "1"]
[SourceVersionDate "2019.06.03"]
[SourceQuality "1"]

1. e4 c5 2. Nf3 d6 3. d4 cxd4 4. Nxd4 Nf6 5. Nc3 a6 6. Be2 e6 7. 0-0 Nbd7 8. Be3 b6 9. f4 Bb7 10. Bf3 Qc7 11. Qe2 Be7 12. Rad1 0-0 13. g4 Nc5 14. Qg2 b5 15. g5 Nfd7 16. b4 Na4 17. Nxa4 bxa4 18. a3 Nb6 19. h4 Nc4 20. Bc1 g6 21. h5 e5 22. Ne2 exf4 23. Nxf4 Ne5 24. Nd5 Bxd5 25. Rxd5 Rac8 26. Bd1 Qc3 27. Ra5 Qa1 28. Bf4 Qxa3 29. Rxa6 Qxb4 30. c3 Rxc3 31. Rxa4 Qc5+ 32. Kh1 Qc8 33. Kg1 Nc4 34. hxg6 hxg6 35. Rf3 Qc5+ 36. Kh2 Ne3 37. Bxe3 Rxe3 38. Rxe3 Qxe3 39. Ra5 Rb8 40. Rd5 Qf4+ 41. Kh3 Kg7 42. Qf3 Rh8+ 43. Kg2 Qh2+ 44. Kf1 Rh4 45. Qc3+ Kh7 46. Bf3 Qg3 47. Ke2 Rh2+ 48. Kd1 Rf2 49. Rd3 Qg1+ 0-1

[Event "Katowice POL-HUN 7th"]
[Site "Katowice"]
[Date "2019.04.13"]
[Round "2"]
[White "Sliwicka, Alicja"]
[Black "Vovk, Yuri"]
[Result "0-1"]
[WhiteElo "2225"]
[BlackElo "2579"]
[PlyCount "90"]
[EventDate "2019.04.13"]
[EventType "swiss (rapid)"]
[EventRounds "9"]
[EventCountry "POL"]
[SourceTitle "CBM 189 Extra"]
[Source "ChessBase"]
[SourceDate "2019.06.03"]
[SourceVersion "1"]
[SourceVersionDate "2019.06.03"]
[SourceQuality "1"]

1. e4 c5 2. Nf3 d6 3. d4 cxd4 4. Nxd4 Nf6 5. Nc3 a6 6. Nb3 Nc6 7. Be2 e6 8. g4 Be7 9. g5 Nd7 10. h4 b5 11. Be3 Bb7 12. Qd2 Nce5 13. f3 b4 14. Nd1 a5 15. Nf2 d5 16. Rd1 dxe4 17. f4 Nf3+ 18. Bxf3 exf3 19. Qd4 f6 20. Ne4 Bd5 21. c4 bxc3 22. Nxc3 f2+ 23. Kxf2 Bxh1 24. Rxh1 Qc7 25. Qe4 Ra6 26. Rc1 Qb8 27. Rd1 Qa8 28. Qa4 Qc6 29. Nb5 0-0 30. N3d4 Qb7 31. Nxe6 Rxe6 32. Qc4 Nc5 33. Bxc5 Bxc5+ 34. Qxc5 Qe4 35. Qd5 Qxf4+ 36. Kg1 Qg4+ 37. Kh1 Qxh4+ 38. Kg1 Qg4+ 39. Kh1 fxg5 40. Nc7 Qe4+ 41. Qxe4 Rxe4 42. Rd2 h5 43. Nb5 g4 44. Nc3 Re1+ 45. Kg2 h4 0-1

[Event "Katowice GM"]
[Site "Katowice"]
[Date "2019.04.09"]
[Round "5"]
[White "Vovk, Yuri"]
[Black "Chylewski, Patryk"]
[Result "1-0"]
[WhiteElo "2579"]
[BlackElo "2391"]
[PlyCount "95"]
[EventDate "2019.04.08"]
[EventType "tourn"]
[EventRounds "9"]
[EventCountry "POL"]
[EventCategory "8"]
[SourceTitle "CBM 189 Extra"]
[Source "ChessBase"]
[SourceDate "2019.06.03"]
[SourceVersion "1"]
[SourceVersionDate "2019.06.03"]
[SourceQuality "1"]

1. e4 c6 2. d4 d5 3. Nc3 dxe4 4. Nxe4 Bf5 5. Ng3 Bg6 6. h4 h6 7. Nf3 e6 8. Ne5 Bh7 9. Bd3 Bxd3 10. Qxd3 Nd7 11. Bf4 Nxe5 12. Bxe5 Qa5+ 13. c3 Nf6 14. 0-0 Ng4 15. Rfd1 Qd8 16. h5 Nxe5 17. dxe5 Qxd3 18. Rxd3 Rd8 19. Rad1 Be7 20. Rxd8+ Bxd8 21. Ne4 Bc7 22. Nc5 b6 23. Na6 Bxe5 24. Nb4 c5 25. Nc6 Bf6 26. Nxa7 0-0 27. Kf1 Rd8 28. Rxd8+ Bxd8 29. Ke2 Kf8 30. Kd3 Ke8 31. Kc4 Kd7 32. a4 Kd6 33. Kb5 Kc7 34. Nc6 Bh4 35. g3 Bf6 36. a5 bxa5 37. Nxa5 Kd6 38. Nb7+ Kd5 39. Nxc5 e5 40. c4+ Kd4 41. Nb7 e4 42. c5 Be5 43. Nd6 Kd5 44. Nc4 Bc7 45. b4 g6 46. g4 Kd4 47. g5 Bf4 48. c6 1-0